000 00949nam a2200265 a 4500
001 000022131
003 DO-SdBNP
005 20240927073747.0
007 ta
008 100901t1987 dr ac r 000 0bspa d
040 _aDO-SdBNP
_bspa
_cBNPHU
082 4 _a923.27293
_bD812b, 1987
_222
100 1 _a Balaguer, Joaquín,
_d1906-2002
_976556
245 1 3 _aEl Cristo de la libertad :
_bvida de Juan Pablo Duarte /
_cJoaquín Balaguer.
250 _aedición especial.
260 _aSanto Domingo :
_bCorripio,
_c1987.
300 _a248 p. :
_bil., fots., retrs. ;
_c24 cm.
590 _aInventariado, 2022/MFF
600 1 0 _aDuarte, Juan Pablo,
_d1813-1876
_91494
650 4 _a Estadístas
_zRepública Dominicana
_vBiografías
_945404
651 1 0 _aRepública Dominicana --
_xHistoria --
_y1844-1930
_91009
651 1 4 _aEstadístas
_zRepública Dominicana
_vBiografías
_981110
910 _aValidado. Control de calidad. EMS
942 _2ddc
_cLBS1
999 _c21629
_d21629